Vista normal
Vista MARC
Entrada Materia (personas)
Número de registros utilizados en: 3
001 - CONTROL NUMBER
- control field: 31979
003 - CONTROL NUMBER IDENTIFIER
- control field: Co-BoUCM
005 - DATE AND TIME OF LATEST TRANSACTION
- control field: 20130308124050.0
008 - FIXED-LENGTH DATA ELEMENTS
- fixed length control field: 130308|| aca||aabn | a|a d
040 ## - CATALOGING SOURCE
- Original cataloging agency: Co-BoUCM
- Transcribing agency: Co-BoUCM
100 ## - HEADING--PERSONAL NAME
- Personal name: Daoiz, Esteban
- Dates associated with a name: d. 1619
670 ## - SOURCE DATA FOUND
- Source citation: Work cat.: (Co-BoUCM): Daoiz, Esteban d. 1619, Index Iuris Civilis copiosus, non solum ea quae in glossis sed et textuum omnium veros sensus continens. , 1627